| 000 | 00729nam a2200205 a 4500 | ||
|---|---|---|---|
| 001 | 000012481 | ||
| 005 | 20250204073951.0 | ||
| 008 | 091113s1999 dr 001 f spa d | ||
| 040 |
_aDO-SdBNP _bspa _cBNPHU |
||
| 082 |
_aRD863.44 _bM385c |
||
| 100 | 1 |
_aMartínez, Carlos T., _d1945- _929205 |
|
| 245 | 1 | 0 |
_aConfesiones de una ninfómana / _cCarlos T. Martínez ; prólogo Mariano Lebrón Saviñón. |
| 260 |
_aSanto Domingo : _bCentenario, _c1999. |
||
| 300 |
_a178 p. ; _c22 cm. |
||
| 500 | _aIncluye datos biográficos del autor en las solapas. | ||
| 590 | _aInventariado, 2020 /LP | ||
| 650 | 0 |
_aNovela dominicana _9223 |
|
| 650 | 0 |
_aLiteratura dominicana. _967 |
|
| 700 | 1 |
_aLebrón Saviñon, Mariano _d1922-2014 _epról. _97227 |
|
| 999 |
_c12137 _d12137 |
||